Paroles - Tout ou rien du tout - Dadju - Statistiques

Statistiques générales
  • Ce quiz a été pris 110 fois
  • Le résultat moyen est 277 sur 357
Statistiques - réponses
Réponse % Correct
de
98%
à
93%
Rien
93%
rien,
93%
rien
93%
Je
92%
je
92%
Le
92%
le
92%
nous
92%
nous.
92%
92%
ou
92%
du
90%
la
90%
tout
90%
Tout
90%
tout.
90%
Tout,
90%
tout,
90%
tu
90%
Tu
90%
me
86%
veux
86%
les
85%
ma
85%
te
85%
et
83%
mon
81%
pas
80%
Pas
80%
peux
80%
ce
78%
ne
78%
peut
78%
plus
78%
toi,
78%
toi
78%
amour.
76%
Étincelle
76%
moi
76%
moi.
76%
sans
76%
Sans
76%
sur
76%
Ta
76%
difficulté
75%
lèvres.
75%
madame.
75%
monde
75%
tes
75%
t'es
75%
c'est
73%
flamme,
73%
haïr,
73%
j'ai
73%
juste
73%
as
71%
besoin
71%
devenue
71%
lire
71%
m'attire.
71%
même
71%
miennes
71%
miennes.
71%
poser
71%
ton
71%
une
71%
aux
69%
es
69%
m'éloignera
69%
mes
69%
possible,
69%
d'monsieur
68%
en
68%
corps
66%
deux
66%
devenir
66%
facilement
66%
iras,
66%
partout
66%
perdre
66%
T'as
66%
tête
66%
vue,
66%
vue
66%
bras.
64%
chez
64%
comment
64%
entre
64%
est
64%
gens,
64%
J'irais
64%
mais
64%
pieds.
64%
pour
64%
que
64%
yeux
64%
blanc
63%
dans
63%
des
63%
loyauté
63%
Mille
63%
noirs.
63%
sourd.
63%
voir,
63%
dire
61%
fait
61%
identité,
61%
jusqu'ici ?
61%
manières
61%
meilleur
61%
Miroir,
61%
miroir,
61%
n'as
61%
pire.
61%
prouver
61%
t'inquiéter.
61%
Avec
59%
confiance
59%
Fais
59%
hommes,
59%
Montre
59%
ressentir.
59%
bien
58%
j'aime
58%
j'préfère
58%
l'dire,
58%
moitié
58%
m'prouver
58%
parler
58%
plein.
58%
règle.
58%
verre
58%
blêmes,
56%
etc.
56%
heures,
56%
l'exception
56%
place
56%
reflètes
56%
arrêts.
54%
indélébile.
54%
J'faisais
54%
J'pourrais
54%
j'vois
54%
l'faire
54%
On
34%
Aucun quiz correspondant
Distribution des résultats
% des personnes avec chaque résultat
Percentile par nombre de réponses
Votre historique - résultats
Vous n’avez pas pris ce quiz